| 000 | 00799nam a2200277 a 4500 | ||
|---|---|---|---|
| 001 | 11345 | ||
| 003 | BD-RjUL | ||
| 005 | 20211208235117.0 | ||
| 008 | 140126s1987 iaua b 001 0 eng | ||
| 020 | _a0697165558 (paper) | ||
| 020 | _a0697123286 (case) | ||
| 035 | _a(BD-RjUL) | ||
| 040 |
_aDLC _cDLC _beng _dBD-RjUL |
||
| 041 | _aeng | ||
| 082 | 0 | 0 |
_a550 _220 _bMOP 1987 |
| 100 | 1 |
_aMontgomery, Carla W., _d1951- _935076 |
|
| 245 | 1 | 0 |
_aPhysical geology / _cCarla W. Montgomery. |
| 250 | _a3rd ed. | ||
| 260 |
_aDubuque, Iowa : _bWm. C. Brown, _cc1987. |
||
| 300 |
_axv, 544 p. : _bill. (some col.) ; _c28 cm. |
||
| 504 | _aIncludes bibliographical references and index. | ||
| 650 | 0 |
_aPhysical geology. _935077 |
|
| 942 |
_2ddc _cBK |
||
| 999 |
_c11345 _d11345 |
||